QUEST Central Library Banner

Digital Electrical Technology (Record no. 9534)

MARC details
000 -LEADER
fixed length control field 00231nam a2200109 4500
082 ## - DEWEY DECIMAL CLASSIFICATION NUMBER
Classification number GRE
100 ## - MAIN ENTRY--AUTHOR NAME
Personal name Green, DC
245 ## - TITLE STATEMENT
Title Digital Electrical Technology
260 ## - PUBLICATION, DISTRIBUTION, ETC. (IMPRINT)
Place of publication New York:
Name of publisher Longman,
Year of publication 1993.
300 ## - PHYSICAL DESCRIPTION
Number of Pages 765p. ;
942 ## - ADDED ENTRY ELEMENTS (KOHA)
Koha item type Books
Holdings
Withdrawn status Lost status Collection code Home library Current library Date acquired Cost, normal purchase price Full call number Accession Number Koha item type
    Reference Reference Section Central Library, QUEST, Nawabshah 08/09/2014 848.43 GRE (Shelf -53D) 17942 Books

Copyright © 2018,The QUEST, Nawabshah, Shaheed Benazirabad. All rights reserved
Mr. G. Farooq Channar (Librarian) QUEST, Nawabshah, Sindh, Pakistan 67480.
 Ph#: |   0244-9370381-4 Ext. 2308   Email| lib@quest.edu.pk   Web|  http://www.quest.edu.pk